000 00503nam a22001817a 4500
003 CEME
005 20210628202600.0
008 210119b xxu||||| |||| 00| 0 eng d
020 _a0-471-018066-6
040 _cceme
082 _a533.2 ZUC
100 _aZucrow, Maurice.J, Hoffman, Joe .D
_960598
245 _aGas dynamics - vol- 2, multidimesional flow
260 _aUSA
_bJOHN WILEY & SONS
_c1977
300 _aVI, 480P
650 _aGAS DYNAMICS-MULTIDIMESIONAL FLOW
_960599
942 _cBK
_2ddc
999 _c570288
_d570288